国平均寿命ランキング - Statistics

General Stats
  • This quiz has been taken 6 times
  • The average score is 15 of 20
Answer Stats
Hint Answer % Correct
85.15 日本
100%
84.64 韓国
100%
84.37 スイス
100%
84.34 オーストラリア
100%
61.11 マリ
100%
86.73 モナコ
80%
86.03 サンマリノ
80%
84.18 イタリア
80%
84.13 シンガポール
80%
58.15 中央アフリカ
80%
59.26 ソマリア
80%
84.46 アンドラ
60%
84.08 スペイン
60%
54.95 ナイジェリア
60%
55.58 チャド
60%
57.97 南スーダン
60%
58.63 レソト
60%
61.23 ギニア
60%
61.65 ブルキナファソ
40%
61.32 ベナン
20%
No matching quizzes found
Score Distribution
Percent of People with Each Score
Percentile by Number Answered
Your Score History
You have not taken this quiz